000 00292nam a22001337a 4500
008 181011b xxu||||| |||| 00| 0 eng d
020 _a9780520082410
041 _aeng
080 _a941
100 _a19
101 _aHIS
245 _aThe Modern Middle East
_cHourani, A
942 _2udc
_cBK
999 _c49359
_d49359